00569nam a2200109Ia 4500008004100000245002000041300023900061650001600300856005200316999001900368952007200387170517s9999 xx 000 0 und d aLife After Food aHumanity is going to continue to grow. Everybody eats and everyone needs energy and these constraints are only going to get tighter and we're going to have to improve our understanding of the body and nutrition and design something... xTechnology. uhttp://topdocumentaryfilms.com/life-after-food/ c335054d335054 001040aCLbCLd2017-05-17l0r2017-05-17 00:00:00w2017-05-17yDF